00486pab a2200157 454500008004000000100001800040245003800058260000900096300001500105362001800120650002100138773003400159909001000193999001700203952010800220180718b1999 xxu||||| |||| 00| 0 eng d aD'Souza, J.B. aLocal self-government and citizen c1999 ap.2985-986 a16 and 23 Oct aLocal government aEconomic and Political Weekly a42784 c42784d42784 00104070aIIPAbIIPAd2018-07-19hVolume no: 34, Issue no: 42-43pAR43169r2018-07-19w2018-07-19yAR